| 000 | 00520nam a2200229Ia 4500 | ||
|---|---|---|---|
| 008 | 170918s9999 xx 000 0 und d | ||
| 020 | _a9780545417990 | ||
| 050 | _bS859mo 2013 | ||
| 100 | _aStine, R. L. | ||
| 245 | _aMost wanted : | ||
| 245 | _bson of slappy / | ||
| 245 | _cby R. L. Stine. | ||
| 260 | _aNew York : | ||
| 260 | _bScholastic, | ||
| 260 | _c2013 | ||
| 300 | _a134 pages : | ||
| 300 | _bblack and white : | ||
| 300 | _c19cm. | ||
| 300 | _eGoosebumps ; | ||
| 440 | _a2 | ||
| 500 | _a410 | ||
| 999 |
_c344102 _d344102 |
||